[Event "Stay Safe Play From Home 129"]
[Site "T#645801Emanuel Laske"]
[Date "2020.05.07"]
[Round "1"]
[White "Onlyforchess"]
[Black "Greblha"]
[Result "1-0"]
[WhiteElo "2531"]
[BlackElo "1906"]
[Annotator "TA"]
[PlyCount "45"]
[EventDate "2020.05.07"]
[EventType "swiss (blitz)"]

{[%evp 9,44,33,81,57,54,56,202,83,77,73,197,214,188,68,56,71,128,142,139,55,55,75,74,80,77,58,119,79,93,94,85,29,5557,195,194,133,29999]} 1. e4 c6 2. Nf3 d5 3. Nc3 Nf6 4. exd5 Nxd5 5. d4 {[#]} c5 $146 ({Predecessor:} 5... Bg4 6. Be2 e6 7. O-O Be7 8. Ne4 O-O 9. h3 Bf5 10. Ng3 Bg6 11. Ne5 Nd7 12. Nxg6 hxg6 {1-0 (60) Mamedov,R (2660)-Kovalenko,I (2515) Moscow 2011}) 6. Bc4 {B11: Caro-Kann: Two Knights Variation.} Nxc3 7. bxc3 {Hoping for Ne5.} cxd4 ({Black should play} 7... e6 $14) 8. cxd4 ({Less strong is} 8. Nxd4 Qc7 $14) (8. Ne5 $1 $18 {[%csl Ge5][%cal Rc4f7] is the precise move to win.} e6 9. Bb5+ (9. cxd4 Bb4+ 10. Kf1 Nd7 $11) 9... Nd7 10. Qf3 $1 {[%mdl 512]} (10. Qxd4 a6 $11)) 8... e6 $16 9. O-O Bd7 (9... Be7 $16 {might work better.}) 10. d5 $1 $18 Be7 11. dxe6 (11. Ne5 $18 {Strongly threatening dxe6.} O-O 12. Nxd7 Nxd7 13. dxe6) 11... Bxe6 $14 12. Bxe6 fxe6 (12... Qxd1 $142 13. Rxd1 fxe6) 13. Qe2 $1 $16 {aiming for Bb2.} Qc8 14. Bb2 (14. Nd4 $16 O-O 15. Nxe6) 14... O-O $1 $14 15. Rfe1 Bf6 16. Bxf6 Rxf6 17. Rad1 Nc6 (17... Nd7 $14) 18. Rd6 e5 19. Qc4+ Kh8 20. Ng5 (20. Rxf6 $16 gxf6 21. Qf7) 20... Nd8 $2 {[%mdl 8192] [#]} (20... Qg8 $11 21. Qxg8+ Kxg8) 21. Qd5 $2 (21. Qe4 $1 {[%csl Gg5][%cal Re4h7][%mdl 512]} Rf5 {[#]} 22. Rxd8+ $1 {[%mdl 576] Deflection} Qxd8 23. Qxf5 Qxg5 24. Qxg5) 21... Rxd6 22. Qxd6 ({Better is} 22. Rxe5 $18 {[%cal Re5e8]} Re6 23. Qe4 (23. Nxe6 Qxc2 24. f3 Nxe6 $14)) 22... h6 $2 {[%mdl 8192]} (22... Qf5 $16) 23. Qf8# {Accuracy: White = 53%, Black = 39%.} 1-0

[Event "Stay Safe Play From Home 129"]
[Site "T#645801Emanuel Laske"]
[Date "2020.05.07"]
[Round "1"]
[White "Lamborghini"]
[Black "CastlingArrocco"]
[Result "0-1"]
[WhiteElo "2351"]
[BlackElo "2013"]
[Annotator "TA"]
[PlyCount "80"]
[EventDate "2020.05.07"]
[EventType "swiss (blitz)"]

{[%evp 9,80,94,85,103,381,110,115,66,113,93,222,187,321,248,376,253,260,140,149,137,131,160,137,131,174,122,118,123,185,177,194,192,204,131,129,118,151,129,129,115,192,89,146,157,160,91,234,116,498,472,490,476,457,149,143,41,82,45,29999,470,496,120,617,608,1105,37,121,0,145,0,0,-422,-410]} 1. e4 Nc6 2. Nf3 d6 3. d4 Bg4 4. d5 Bxf3 5. gxf3 {[#]} Ne5 $146 ({Predecessor:} 5... Nb8 6. Be3 Nf6 7. Qd2 c6 8. c4 Nbd7 9. Nc3 Ne5 10. Be2 e6 11. O-O-O Qa5 12. Rhg1 cxd5 13. cxd5 {1-0 (21) Peterson,E (2173)-Hlavac,P (2113) Slovakia 2003}) 6. f4 {B00: Queen's Fianchetto Defence, Nimzowitsch Defence.} Ng6 $2 {[%mdl 8192]} (6... Nd7 $16 {was necessary.}) 7. c4 $2 (7. Bb5+ $18 {and the rest is easy.} c6 8. dxc6 Qa5+ 9. Nc3) 7... e5 $16 8. f5 {White is better.} N6e7 9. Nc3 f6 (9... g6 $16) 10. f4 $18 c6 (10... g6 $142 11. fxe5 fxe5) 11. fxe5 dxe5 (11... fxe5 $142 12. Bg5 Qb6 13. dxc6 O-O-O 14. cxb7+ Kb8) 12. Qb3 Qb6 13. Be2 ({White has to play} 13. d6 $18) 13... cxd5 14. cxd5 {Strongly threatening Bb5+.} Qxb3 15. axb3 Nc8 16. Nb5 {Black must now prevent Nc7+.} Rb8 17. Nxa7 (17. Bd2 $18) 17... Nxa7 $16 18. Rxa7 Bb4+ (18... Bc5 $16 19. Ra4 Ne7) 19. Kd1 $18 Ne7 20. Be3 O-O 21. Bc4 {aiming for d6+.} Kh8 22. Ke2 g6 23. fxg6 hxg6 24. h4 f5 (24... Kg7 $16 25. Bd3 Rh8) 25. h5 (25. Bh6 $18 {and White stays clearly on top.} Rfc8 26. h5) 25... Kg7 (25... g5 $142) 26. hxg6 $16 f4 27. Bb6 ({White should try} 27. Ra4 Bd6 28. Ba7) 27... Nxg6 {[#]} (27... Nc8 $16 28. Rxb7+ Rxb7 29. Rh7+ Kxg6 30. Rxb7 Nd6) 28. Kf3 (28. Bc7 $1 $18) 28... Rh8 $2 {[%mdl 8192]} (28... Bd6 $16 {is tougher.} 29. Bf2 Rh8 30. Rxh8 Nxh8) 29. Rxh8 $18 Rxh8 30. Rxb7+ Kf6 31. d6 $2 (31. Bc7 $18 {has better winning chances.} Bc5 32. d6) 31... Bxd6 $16 32. Bf2 (32. Rf7+ $16 Kg5 33. Rf5+ Kh6 34. Kg4) 32... Nh4+ 33. Kg4 Ng6 $2 {[%mdl 8192]} (33... Ng2 $14) 34. Rb6 (34. Rf7# $142) 34... Ke7 35. Kf5 $2 (35. Kg5 $18 {is the precise move to win.}) 35... Nf8 $2 {[%mdl 8192]} (35... Nh4+ $16 36. Kg4 Ng2) 36. Rb7+ $18 Kd8 37. Bd5 $2 (37. Bb6+ $18 Bc7 38. Rxc7) 37... Rh5+ (37... Nd7 $1 $14) 38. Kf6 (38. Kg4 $16 Rh2 39. Bb6+ Kc8 40. Rf7) 38... Rh6+ {[#]} (38... Nd7+ $11 {keeps the balance.} 39. Kg6 Rh2) 39. Kf7 (39. Kg5 $1 $16 {[%cal Rg5h6]} Rh2 40. Bb6+ Kc8 41. Rf7) 39... Nd7 $11 40. Rxd7+ $2 {[%mdl 8192]} (40. Ra7 $11) 40... Kxd7 {Accuracy: White = 29%, Black = 28%.} 0-1

[Event "Stay Safe Play From Home 129"]
[Site "T#645801Emanuel Laske"]
[Date "2020.05.07"]
[Round "1"]
[White "Rohit2007"]
[Black "PRW64MS"]
[Result "1-0"]
[WhiteElo "2257"]
[BlackElo "1484"]
[PlyCount "49"]
[EventDate "2020.05.07"]
[EventType "swiss (blitz)"]

1. e4 {[%emt 0:00:01]} c5 {[%emt 0:00:17]} 2. Nf3 {[%emt 0:00:01]} Nc6 {[%emt 0:00:01]} 3. d4 {[%emt 0:00:00]} cxd4 {[%emt 0:00:00]} 4. Nxd4 {[%emt 0:00:00]} Nf6 {[%emt 0:00:01]} 5. Nc3 {[%emt 0:00:00]} e6 {[%emt 0:00:01]} 6. Ndb5 {[%emt 0:00:01]} Bb4 {[%emt 0:00:04]} 7. Nd6+ {[%emt 0:00:02]} Bxd6 {[%emt 0:00:02]} 8. Qxd6 {[%emt 0:00:00]} Qe7 {[%emt 0:00:02]} 9. Qd1 {[%emt 0:00:00]} d5 {[%emt 0:00:02]} 10. exd5 {[%emt 0:00:02]} Nxd5 {[%emt 0:00:01]} 11. Nxd5 {[%emt 0:00:01]} exd5+ {[%emt 0:00:01]} 12. Be2 {[%emt 0:00:00]} Be6 {[%emt 0:00:01]} 13. O-O {[%emt 0:00:00]} O-O {[%emt 0:00:01]} 14. Bf3 {[%emt 0:00:00]} Rfd8 {[%emt 0:00:02]} 15. c3 {[%emt 0:00:00]} Rac8 {[%emt 0:00:02]} 16. Re1 {[%emt 0:00:02]} Qf6 {[%emt 0:00:02]} 17. Be3 {[%emt 0:00:01]} b6 {[%emt 0:00:03]} 18. Bd4 {[%emt 0:00:01]} Nxd4 {[%emt 0:00:02]} 19. cxd4 {[%emt 0:00:00]} Rc4 {[%emt 0:00:03]} 20. Re5 {[%emt 0:00:05]} Rdc8 {[%emt 0:00:05]} 21. Bxd5 {[%emt 0:00:04]} Bxd5 {[%emt 0:00:03]} 22. Rxd5 {[%emt 0:00:00]} Rxd4 {[%emt 0:00:03]} 23. Rxd4 {[%emt 0:00:01]} Qxd4 {[%emt 0:00:01]} 24. Qxd4 {[%emt 0:00:01]} Rc1+ {[%emt 0:00:00]} 25. Rxc1 {[%emt 0:00:01] Zeit} 1-0

[Event "Stay Safe Play From Home 129"]
[Site "T#645801Emanuel Laske"]
[Date "2020.05.07"]
[Round "1"]
[White "Little champs"]
[Black "Haris kollari 13"]
[Result "1-0"]
[WhiteElo "2170"]
[BlackElo "1674"]
[PlyCount "79"]
[EventDate "2020.05.07"]
[EventType "swiss (blitz)"]

1. d4 {[%emt 0:00:05]} e6 {[%emt 0:00:00]} 2. e3 {[%emt 0:00:00]} d5 {[%emt 0:00:00]} 3. Nf3 {[%emt 0:00:02]} c5 {[%emt 0:00:01]} 4. dxc5 {[%emt 0:00:01]} Bxc5 {[%emt 0:00:02]} 5. c3 {[%emt 0:00:00]} Nc6 {[%emt 0:00:01]} 6. Be2 {[%emt 0:00:00]} Bd7 {[%emt 0:00:01]} 7. O-O {[%emt 0:00:01]} Nge7 {[%emt 0:00:01]} 8. b4 {[%emt 0:00:00]} Bb6 {[%emt 0:00:01]} 9. a4 {[%emt 0:00:00]} Bc7 {[%emt 0:00:01]} 10. a5 {[%emt 0:00:01]} a6 {[%emt 0:00:01]} 11. Nbd2 {[%emt 0:00:01]} h5 {[%emt 0:00:01]} 12. Nb3 {[%emt 0:00:01]} f6 {[%emt 0:00:02]} 13. Nc5 {[%emt 0:00:00]} Bc8 {[%emt 0:00:02]} 14. Ba3 {[%emt 0:00:01]} g5 {[%emt 0:00:02]} 15. c4 {[%emt 0:00:02]} dxc4 {[%emt 0:00:03]} 16. Qxd8+ {[%emt 0:00:02]} Bxd8 {[%emt 0:00:01]} 17. Bxc4 {[%emt 0:00:00]} Kf7 {[%emt 0:00:04]} 18. Rfd1 {[%emt 0:00:02]} Bc7 {[%emt 0:00:01]} 19. Bb2 {[%emt 0:00:03]} h4 {[%emt 0:00:04]} 20. Nd4 {[%emt 0:00:01]} Nxd4 {[%emt 0:00:02]} 21. Bxd4 {[%emt 0:00:01]} Nc6 {[%emt 0:00:01]} 22. Bc3 {[%emt 0:00:01]} g4 {[%emt 0:00:03]} 23. Nd7 {[%emt 0:00:01]} Rh6 {[%emt 0:00:08]} 24. Nb6 {[%emt 0:00:01]} Bxb6 {[%emt 0:00:02]} 25. axb6 {[%emt 0:00:01]} h3 {[%emt 0:00:01]} 26. g3 {[%emt 0:00:01]} Ne5 {[%emt 0:00:05]} 27. Bxe5 {[%emt 0:00:01]} fxe5 {[%emt 0:00:01]} 28. b5 {[%emt 0:00:00]} Rf6 {[%emt 0:00:02]} 29. bxa6 {[%emt 0:00:01]} bxa6 {[%emt 0:00:01]} 30. Rd8 {[%emt 0:00:02]} Ke7 {[%emt 0:00:02]} 31. Rad1 {[%emt 0:00:01]} Bb7 {[%emt 0:00:02]} 32. R8d7+ {[%emt 0:00:01]} Ke8 {[%emt 0:00:01]} 33. Rxb7 {[%emt 0:00:00]} Rc8 {[%emt 0:00:01]} 34. Bxa6 {[%emt 0:00:01]} Rb8 {[%emt 0:00:00]} 35. Rxb8+ {[%emt 0:00:01]} Kf7 {[%emt 0:00:01]} 36. Rb7+ {[%emt 0:00:00]} Kg6 {[%emt 0:00:01]} 37. Rbd7 {[%emt 0:00:00]} e4 {[%emt 0:00:00]} 38. b7 {[%emt 0:00:01]} Rf5 {[%emt 0:00:00]} 39. Bf1 {[%emt 0:00:01]} Ra5 {[%emt 0:00:00]} 40. Rd8 {[%emt 0:00:01] Time} 1-0

[Event "Stay Safe Play From Home 129"]
[Site "T#645801Emanuel Laske"]
[Date "2020.05.07"]
[Round "1"]
[White "EL sanbary"]
[Black "SoulofWolf"]
[Result "0-1"]
[WhiteElo "1949"]
[BlackElo "2162"]
[PlyCount "102"]
[EventDate "2020.05.07"]
[EventType "swiss (blitz)"]

1. c4 {[%emt 0:00:01]} c5 {[%emt 0:00:00]} 2. g3 {[%emt 0:00:01]} g6 {[%emt 0:00:01]} 3. Bg2 {[%emt 0:00:00]} Bg7 {[%emt 0:00:00]} 4. Nc3 {[%emt 0:00:01]} e6 {[%emt 0:00:00]} 5. e4 {[%emt 0:00:00]} Ne7 {[%emt 0:00:00]} 6. Nge2 {[%emt 0:00:01]} O-O {[%emt 0:00:00]} 7. d3 {[%emt 0:00:00]} Na6 {[%emt 0:00:01]} 8. O-O {[%emt 0:00:00]} Nc7 {[%emt 0:00:00]} 9. Be3 {[%emt 0:00:03]} b6 {[%emt 0:00:01]} 10. Qd2 {[%emt 0:00:00]} Bb7 {[%emt 0:00:01]} 11. f4 {[%emt 0:00:01]} d5 {[%emt 0:00:01]} 12. Rf2 {[%emt 0:00:01]} d4 {[%emt 0:00:01]} 13. f5 {[%emt 0:00:03]} dxe3 {[%emt 0:00:02]} 14. Qxe3 {[%emt 0:00:01]} exf5 {[%emt 0:00:00]} 15. exf5 {[%emt 0:00:01]} Bxg2 {[%emt 0:00:02]} 16. Kxg2 {[%emt 0:00:01]} Nxf5 {[%emt 0:00:01]} 17. Rxf5 {[%emt 0:00:02]} gxf5 {[%emt 0:00:00]} 18. Nf4 {[%emt 0:00:02]} Qg5 {[%emt 0:00:05]} 19. Rf1 {[%emt 0:00:02]} Rfe8 {[%emt 0:00:00]} 20. Qf3 {[%emt 0:00:01]} Qg4 {[%emt 0:00:02]} 21. Qf2 {[%emt 0:00:02]} Bd4 {[%emt 0:00:01]} 22. Qd2 {[%emt 0:00:02]} Ne6 {[%emt 0:00:03]} 23. Nfd5 {[%emt 0:00:03]} Ng5 {[%emt 0:00:02]} 24. h4 {[%emt 0:00:04]} Ne6 {[%emt 0:00:07]} 25. Ne2 {[%emt 0:00:05]} Bg7 {[%emt 0:00:01]} 26. Nef4 {[%emt 0:00:03]} Nxf4+ {[%emt 0:00:03]} 27. Nxf4 {[%emt 0:00:02]} Rad8 {[%emt 0:00:01]} 28. Rf2 {[%emt 0:00:01]} Bd4 {[%emt 0:00:01]} 29. Rf3 {[%emt 0:00:02]} Re7 {[%emt 0:00:02]} 30. Nd5 {[%emt 0:00:01]} Re6 {[%emt 0:00:01]} 31. Nf4 {[%emt 0:00:01]} Re7 {[%emt 0:00:01]} 32. Nd5 {[%emt 0:00:01]} Kg7 {[%emt 0:00:00]} 33. Nxe7 {[%emt 0:00:01]} Re8 {[%emt 0:00:01]} 34. Nd5 {[%emt 0:00:00]} Re5 {[%emt 0:00:02]} 35. Qd1 {[%emt 0:00:01]} h5 {[%emt 0:00:01]} 36. Rf1 {[%emt 0:00:01]} Qxd1 {[%emt 0:00:01]} 37. Rxd1 {[%emt 0:00:00]} f4 {[%emt 0:00:01]} 38. Kf3 {[%emt 0:00:02]} fxg3 {[%emt 0:00:00]} 39. Kxg3 {[%emt 0:00:01]} Re6 {[%emt 0:00:01]} 40. Kf4 {[%emt 0:00:00]} Rg6 {[%emt 0:00:01]} 41. Rf1 {[%emt 0:00:01]} Bxb2 {[%emt 0:00:00]} 42. Ke4 {[%emt 0:00:00]} Bd4 {[%emt 0:00:00]} 43. Rf5 {[%emt 0:00:01]} Rg4+ {[%emt 0:00:00]} 44. Kf3 {[%emt 0:00:01]} Kh6 {[%emt 0:00:01]} 45. Rg5 {[%emt 0:00:00]} Rxg5 {[%emt 0:00:01]} 46. hxg5+ {[%emt 0:00:00]} Kxg5 {[%emt 0:00:00]} 47. Ke4 {[%emt 0:00:01]} f5+ {[%emt 0:00:00]} 48. Kf3 {[%emt 0:00:02]} h4 {[%emt 0:00:00]} 49. Kg2 {[%emt 0:00:01]} h3+ {[%emt 0:00:00]} 50. Kxh3 {[%emt 0:00:00]} f4 {[%emt 0:00:01]} 51. Kg2 {[%emt 0:00:00]} Kf5 {[%emt 0:00:00] Time (Lag: Av=0.30s, max=0.6s) .} 0-1

[Event "Stay Safe Play From Home 129"]
[Site "T#645801Emanuel Laske"]
[Date "2020.05.07"]
[Round "1"]
[White "Mamutones"]
[Black "Mepe_Nika"]
[Result "0-1"]
[WhiteElo "1873"]
[BlackElo "2271"]
[Annotator "TA"]
[PlyCount "64"]
[EventDate "2020.05.07"]
[EventType "swiss (blitz)"]

{[%evp 9,64,-54,-59,-144,-155,-149,-59,-104,-115,-109,-114,-126,-126,-240,-252,-242,-235,-289,134,-172,-168,-359,-348,-356,-219,-337,-336,-325,-162,-156,-161,-397,-387,-1496,-1489,-29990,-303,-1292,-172,-148,-52,-29994,-4,-233,-129,-121,-121,-124,-124,-266,-173,-266,-260,-217,-14,-15,-22]} 1. e4 e5 2. f4 exf4 3. Nf3 Nf6 4. e5 Nh5 5. Qe2 Be7 6. g4 {C34: King's Gambit Accepted: 3 Nf3: 3...Nf6 and 3...d6.} (6. Nc3 $15) 6... fxg3 $17 7. Qg2 gxh2 (7... Nf4 $17 8. Qxg3 {[%mdl 64] Double Attack} Ne6) 8. d4 {Black is slightly better.} Bh4+ 9. Kd1 {[#]} g6 $146 ({And not} 9... Bg3 10. Nxh2 d6 11. Be2 $14) ({Predecessor:} 9... Bg3 10. Rxh2 Bxh2 11. Qxh2 g6 12. Bg5 f6 13. exf6 Nxf6 14. Nc3 d5 15. Qe2+ Kf7 {0-1 (31) Vovchuk,O (2141)-Vajda,A (2015) Hungary 2007}) 10. Rxh2 Be7 11. Rxh5 (11. Be3 $17) 11... gxh5 $19 12. Qg7 Rf8 13. Nc3 c6 $2 (13... d6 $19 {And now ...Bg4 would win.} 14. Nd5 Bg4) 14. Bh6 $2 {[%mdl 8192]} (14. Ne4 $1 $16 {[%cal Re4d6] is forced if you want to stay better. Nd6+ would kill now.} d5 15. exd6) 14... d5 {Strongly threatening ...Bg4.} 15. Bd3 $2 (15. Qxh7 {was worth a try.} Bg4 16. Be2) 15... Bg4 16. Be2 Na6 17. Kd2 (17. Qxh7 $142 Bxf3 18. Bxf3) 17... Qd7 18. Qxh7 O-O-O (18... Bf5 $142 19. Qg7 O-O-O) 19. Bxf8 Rxf8 20. Bxa6 $2 (20. Rh1) 20... Bxf3 ({Weaker is} 20... bxa6 21. Rf1 $17) 21. Be2 $2 (21. Bd3 Bg5+ 22. Ke1) 21... Bg5+ 22. Kd3 Bg4 $2 (22... Qh3 23. Qf5+ Qxf5+ 24. Ne4 Qxe4+ {[%mdl 64] Double Attack} 25. Kc3 Qxe2 26. b3 Be4 27. Kb2 Qxc2+ 28. Ka3 Be7+ 29. Ka4 Qc3 $1 {[%mdl 576] Double Attack} 30. Rg1 b5#) 23. Bxg4 $2 (23. Rf1 Bh3 24. Rf2) 23... hxg4 $2 (23... Qxg4 {[%cal Rg4f3]} 24. Nxd5 Qh3+ 25. Ke2 cxd5) 24. Rf1 {[#] intending Qg7.} f5 ({Better is} 24... f6 $1 $17 25. Qf5 Kc7 26. exf6 Rxf6 27. Qxd7+ Kxd7 28. Rxf6 Bxf6) 25. exf6 $2 {[%mdl 8192]} (25. Qg6 $15 Be7 26. a4) 25... Bxf6 $2 (25... Qxh7+ {mates} 26. Ne4 Qh3+ {[%mdl 64] Double Attack} 27. Ke2 {[#]} Qe3+ $1 {[%mdl 576] Double Attack} 28. Kd1 dxe4 29. Rf4 Bxf4 30. c4 Qd2#) 26. Qf5 $2 (26. Qxd7+ $11 {and White is okay.} Kxd7 27. Rf4) 26... Qxf5+ (26... Bg7 $19 27. Qxd7+ Kxd7 28. Rxf8 Bxf8) 27. Rxf5 $17 Be7 28. Rxf8+ Bxf8 $19 {KB-KN} 29. Ne2 (29. Nd1 $17) 29... Bd6 30. Ke3 (30. Nc3 $142) 30... Kd7 31. Nf4 c5 $2 ({Black should play} 31... Ke7 $19 {White must now prevent ...Kf6.} 32. Nh5 Kf7) 32. Nxd5 $11 cxd4+ {[%mdl 32768] Accuracy: White = 18%, Black = 28%. . Loss on time!?} 0-1

[Event "Stay Safe Play From Home 129"]
[Site "T#645801Emanuel Laske"]
[Date "2020.05.07"]
[Round "1"]
[White "matanant"]
[Black "Haxhi Baha"]
[Result "0-1"]
[WhiteElo "1633"]
[BlackElo "2035"]
[PlyCount "58"]
[EventDate "2020.05.07"]
[EventType "swiss (blitz)"]

1. b3 {[%emt 0:00:02]} d5 {[%emt 0:00:01]} 2. Bb2 {[%emt 0:00:00]} c5 {[%emt 0:00:00]} 3. e3 {[%emt 0:00:00]} Nc6 {[%emt 0:00:01]} 4. f4 {[%emt 0:00:00]} f6 {[%emt 0:00:01]} 5. Nf3 {[%emt 0:00:00]} Bg4 {[%emt 0:00:01]} 6. Bb5 {[%emt 0:00:00]} Qc7 {[%emt 0:00:01]} 7. Qe2 {[%emt 0:00:02]} e6 {[%emt 0:00:01]} 8. O-O {[%emt 0:00:02]} Bd6 {[%emt 0:00:01]} 9. d3 {[%emt 0:00:01]} Nge7 {[%emt 0:00:01]} 10. Nbd2 {[%emt 0:00:01]} O-O {[%emt 0:00:02]} 11. Bxc6 {[%emt 0:00:03]} Nxc6 {[%emt 0:00:02]} 12. c3 {[%emt 0:00:01]} e5 {[%emt 0:00:02]} 13. g3 {[%emt 0:00:01]} Rae8 {[%emt 0:00:04]} 14. Qf2 {[%emt 0:00:02]} exf4 {[%emt 0:00:03]} 15. exf4 {[%emt 0:00:03]} Kh8 {[%emt 0:00:01]} 16. Rfe1 {[%emt 0:00:02]} h6 {[%emt 0:00:01]} 17. Kg2 {[%emt 0:00:01]} Qd7 {[%emt 0:00:03]} 18. Ng1 {[%emt 0:00:03]} Bf5 {[%emt 0:00:02]} 19. d4 {[%emt 0:00:07]} cxd4 {[%emt 0:00:01]} 20. cxd4 {[%emt 0:00:01]} Bb4 {[%emt 0:00:01]} 21. a3 {[%emt 0:00:07]} Bxd2 {[%emt 0:00:04]} 22. Qxd2 {[%emt 0:00:01]} Be4+ {[%emt 0:00:01]} 23. Kf2 {[%emt 0:00:02]} Qf5 {[%emt 0:00:02]} 24. b4 {[%emt 0:00:00]} Qh5 {[%emt 0:00:01]} 25. h3 {[%emt 0:00:03]} f5 {[%emt 0:00:02]} 26. Qc3 {[%emt 0:00:02]} Ne7 {[%emt 0:00:02]} 27. g4 {[%emt 0:00:01]} fxg4 {[%emt 0:00:02]} 28. Qg3 {[%emt 0:00:04]} gxh3 {[%emt 0:00:02]} 29. Nxh3 {[%emt 0:00:01]} Nf5 {[%emt 0:00:01] Time (Lag: Av=1.02s, max=1.5s)} 0-1

[Event "Stay Safe Play From Home 129"]
[Site "T#645801Emanuel Laske"]
[Date "2020.05.07"]
[Round "1"]
[White "Edmatuag"]
[Black "Chessencounter"]
[Result "0-1"]
[WhiteElo "1602"]
[BlackElo "2103"]
[PlyCount "70"]
[EventDate "2020.05.07"]
[EventType "swiss (blitz)"]

1. e4 {[%emt 0:00:01]} d6 {[%emt 0:00:01]} 2. Nc3 {[%emt 0:00:00]} g6 {[%emt 0:00:01]} 3. d4 {[%emt 0:00:01]} Bg7 {[%emt 0:00:00]} 4. Be3 {[%emt 0:00:00]} Nd7 {[%emt 0:00:00]} 5. Bc4 {[%emt 0:00:01]} e5 {[%emt 0:00:01]} 6. Qf3 {[%emt 0:00:01]} Qf6 {[%emt 0:00:02]} 7. dxe5 {[%emt 0:00:04]} Qxf3 {[%emt 0:00:02]} 8. Nxf3 {[%emt 0:00:01]} Nxe5 {[%emt 0:00:01]} 9. Nxe5 {[%emt 0:00:01]} Bxe5 {[%emt 0:00:00]} 10. O-O-O {[%emt 0:00:02]} Ne7 {[%emt 0:00:01]} 11. Nb5 {[%emt 0:00:02]} Kd7 {[%emt 0:00:07]} 12. Nxa7 {[%emt 0:00:06]} Nc6 {[%emt 0:00:04]} 13. Bb5 {[%emt 0:00:04]} f6 {[%emt 0:00:06]} 14. Bxc6+ {[%emt 0:00:03]} bxc6 {[%emt 0:00:01]} 15. Nxc8 {[%emt 0:00:01]} Rxa2 {[%emt 0:00:04]} 16. Nxd6 {[%emt 0:00:03]} Bxd6 {[%emt 0:00:09]} 17. Bd4 {[%emt 0:00:06]} Rf8 {[%emt 0:00:01]} 18. g3 {[%emt 0:00:03]} f5 {[%emt 0:00:01]} 19. e5 {[%emt 0:00:02]} Ra1+ {[%emt 0:00:01]} 20. Kd2 {[%emt 0:00:01]} Rxd1+ {[%emt 0:00:00]} 21. Rxd1 {[%emt 0:00:01]} c5 {[%emt 0:00:00]} 22. exd6 {[%emt 0:00:02]} cxd4 {[%emt 0:00:00]} 23. dxc7 {[%emt 0:00:01]} Kxc7 {[%emt 0:00:00]} 24. Kd3 {[%emt 0:00:01]} Re8 {[%emt 0:00:00]} 25. Rd2 {[%emt 0:00:02]} Kc6 {[%emt 0:00:01]} 26. Kxd4 {[%emt 0:00:01]} Rb8 {[%emt 0:00:00]} 27. Kc3 {[%emt 0:00:01]} Re8 {[%emt 0:00:00]} 28. b4 {[%emt 0:00:01]} Re4 {[%emt 0:00:01]} 29. Kb3 {[%emt 0:00:01]} Kb5 {[%emt 0:00:01]} 30. c3 {[%emt 0:00:00]} Re1 {[%emt 0:00:01]} 31. Rd5+ {[%emt 0:00:01]} Kc6 {[%emt 0:00:00]} 32. c4 {[%emt 0:00:01]} Rb1+ {[%emt 0:00:00]} 33. Kc3 {[%emt 0:00:01]} Rc1+ {[%emt 0:00:00]} 34. Kd3 {[%emt 0:00:01]} Rd1+ {[%emt 0:00:01]} 35. Ke3 {[%emt 0:00:01]} Rc1 {[%emt 0:00:01] Time (Lag: Av=0.92s, max=1.1s)} 0-1

[Event "Stay Safe Play From Home 129"]
[Site "T#645801Emanuel Laske"]
[Date "2020.05.07"]
[Round "2"]
[White "Onlyforchess"]
[Black "Rohit2007"]
[Result "1-0"]
[WhiteElo "2532"]
[BlackElo "2258"]
[Annotator "RC"]
[PlyCount "45"]
[EventDate "2020.05.07"]
[EventType "swiss (blitz)"]

1. e4 {[%emt 0:00:01]} c5 {[%emt 0:00:01]} 2. d4 {[%emt 0:00:00]} cxd4 {[%emt 0:00:01]} 3. Nf3 {[%emt 0:00:00]} d6 {[%emt 0:00:02]} 4. Nxd4 {[%emt 0:00:00]} Nf6 {[%emt 0:00:01]} 5. Nc3 {[%emt 0:00:00]} a6 {[%emt 0:00:00]} 6. Bg5 {[%emt 0:00:00]} e6 {[%emt 0:00:00]} 7. f4 {[%emt 0:00:00]} Be7 {[%emt 0:00:00]} 8. Qf3 {[%emt 0:00:00]} Qc7 {[%emt 0:00:00]} 9. O-O-O {[%emt 0:00:01]} Nbd7 {[%emt 0:00:00]} 10. Bd3 {[%emt 0:00:00]} b5 {[%emt 0:00:02]} 11. Rhe1 {[%emt 0:00:00]} Bb7 {[%emt 0:00:01]} 12. Qg3 {[%emt 0:00:01]} O-O {[%emt 0:00:00]} 13. e5 {[%emt 0:00:02]} dxe5 {[%emt 0:00:01]} 14. fxe5 {[%emt 0:00:00]} Nd5 {[%emt 0:00:01]} 15. Nxd5 {[%emt 0:00:03]} Bxg5+ {[%emt 0:00:01]} 16. Qxg5 {[%emt 0:00:01]} Bxd5 {[%emt 0:00:00]} 17. Re3 {[%emt 0:00:02]} Rac8 {[%emt 0:00:01]} 18. a3 {[%emt 0:00:05]} g6 {[%emt 0:00:03]} 19. h4 {[%emt 0:00:02]} h5 {[%emt 0:00:02]} 20. g4 {[%emt 0:00:01]} hxg4 {[%emt 0:00:01]} 21. h5 {[%emt 0:00:03]} Qd8 {[%emt 0:00:06]} 22. Qh6 {[%emt 0:00:01]} g5 {[%emt 0:00:06]} 23. Qh7# {[%emt 0:00:02] (Lag: Av=0.31s, max=0.5s)} 1-0